Glossary of Hospitality Terms (Record no. 208599)

MARC details
000 -LEADER
fixed length control field 00392nam a2200145Ia 4500
008 - FIXED-LENGTH DATA ELEMENTS--GENERAL INFORMATION
fixed length control field 231221s9999 xx 000 0 und d
020 ## - INTERNATIONAL STANDARD BOOK NUMBER
International Standard Book Number 0-86612-185-4
041 ## - LANGUAGE CODE
Language code of text/sound track or separate title English
082 ## - DEWEY DECIMAL CLASSIFICATION NUMBER
Classification number 647.9403 AME;1 R
100 ## - MAIN ENTRY--PERSONAL NAME
Personal name American Hotel and Lodging Educational Institute
245 #0 - TITLE STATEMENT
Title Glossary of Hospitality Terms
260 ## - PUBLICATION, DISTRIBUTION, ETC.
Date of publication, distribution, etc. 1995
Name of publisher, distributor, etc. AH & LEI
Place of publication, distribution, etc. Lansing MI
300 ## - PHYSICAL DESCRIPTION
Extent 186
942 ## - ADDED ENTRY ELEMENTS (KOHA)
Koha item type Hotel Management Library
Holdings
Date last seen Total checkouts Full call number Accession number Cost, total (INR) price Price effective from Category Lost status Damaged status Department Withdrawn status Home library Current library Shelving location Entry date Vendor Cost, normal purchase price Grants Billnumber Billdate Currency symbol Conversion rate Discount Old discount
26/01/2024   647.9403 AME;1 R HM1337 1351.42 26/01/2024 Hotel Management Library     HEM   Central Library Central Library HM   Publisher 27.58 HM 1000650001 30/09/2011 USD 49    

© For any Suggestions or Query, please contact the library staff @ librarian@pes.edu or Phone: +9180 2672 1983/ 2108.